Um rio chamado tempo, uma casa chamada terra (Record no. 11470)

MARC details
000 -Etiqueta do registo
Valores 00525nam a2200205 4500
010 ## - Número ISBN
ISBN 972211493X
100 ## - Dados gerais de processamento
Dados gerais 20031030d2003 m y0frey50 ba
101 ## - Língua de publicação
Língua Português
102 ## - País de publicação
País Portugal
200 ## - Titulo e menção de responsabilidade
Título próprio Um rio chamado tempo, uma casa chamada terra
Informação de outro título romance
Primeira menção de responsabilidade Mia Couto
205 ## - Menção da edição
Edição 3.ª ed.
210 ## - Publicação
Local de publicação Lisboa
Nome do editor Editorial Caminho,
Data de publicação imp. 2004
215 ## - Descrição física 
Paginação / Volumes 262 p.
Dimensões 21 cm
225 ## - Colecção 
Título próprio da colecção Outras margens
Indicação de volume 1
675 ## - CDU
Notação 821.134.3679-3
Edição BN
Língua por
700 ## - Autor principal (pessoa individual)
Apelido Couto,
Nome Mia,
801 ## - Fonte de origem
País PT
Regras de catalogação RPC
990 ## - Elementos KOHA
Tipo de documento Livro
Holdings
Estado Biblioteca de origem Código de barras Cota Permissão de empréstimo Tipo de documento Empréstimo Forma de aquisição
  Biblioteca Municipal de Redondo 014117 821.134.3(679)-3 COU   Livro    
  Biblioteca Escolar Doutor Hernâni Cidade 82848 82-31 COU ROMANCE   Livro Biblioteca Escolar Doutor Hernâni Cidade  
  Biblioteca Municipal de Redondo 014118 821.134.3(679)-3 COU   Livro Biblioteca Municipal de Redondo  

Powered by Koha